Statistics for 20 Smallest Countries touching the Sea and having a Land Border

Click here to take the quiz!

General Stats

  • This quiz has been taken 329 times
  • The average score is 14 of 20

Answer Stats

Country % Correct
Monaco
92%
Belize
78%
Qatar
76%
Brunei
74%
Montenegro
73%
Gambia
73%
Haiti
73%
Djibouti
72%
El Salvador
71%
Kuwait
69%
East Timor
69%
Israel
66%
Lebanon
66%
Belgium
65%
Denmark
64%
Equatorial Guinea
62%
Netherlands
62%
Slovenia
61%
Albania
58%
Guinea-Bissau
52%

Score Distribution

Percentile by Number Answered

Percent of People with Each Score

Your Score History

You have not taken this quiz